[Event "CYCC U14"]
[Site "Windsor CAN"]
[Date "2016.07.07"]
[Round "5.29"]
[White "Sivapathasundaram, Manojh"]
[Black "Uthayakumar, Ronan"]
[Result "1-0"]
[WhiteElo "1937"]
[BlackElo "1751"]
[PlyCount "105"]
[EventDate "2016.07.05"]
[EventType "swiss"]
[EventRounds "7"]
[EventCountry "CAN"]

1. d4 Nf6 2. c4 g6 3. f3 c5 4. d5 Bg7 5. e4 d6 6. Nc3 O-O 7. Be3 Qb6 8. Qd2
Nbd7 9. Nge2 Ne5 10. Ng3 a6 11. Be2 Qc7 12. O-O Rb8 13. h3 Ned7 14. Rad1 Rd8
15. f4 Nb6 16. e5 Nfd7 17. e6 fxe6 18. dxe6 Nf8 19. Nd5 Nxd5 20. cxd5 b5 21. f5
Bf6 22. Ne4 Bg7 23. Bh6 Bd4+ 24. Kh1 Bb7 25. f6 exf6 26. Nxf6+ Bxf6 27. Rxf6
Rbc8 28. Rf7 Qb8 29. e7 Kxf7 30. exd8=Q Rxd8 31. Qf4+ Ke7 32. Bg5+ Kd7 33. Bg4+
Kc7 34. Bxd8+ Qxd8 35. Qf7+ Kb6 36. Rf1 b4 37. Qxf8 Qxf8 38. Rxf8 Bxd5 39. b3
c4 40. Bd1 cxb3 41. Bxb3 Bxb3 42. axb3 Kc5 43. Rf4 g5 44. Rg4 d5 45. Kg1 a5 46.
Kf2 a4 47. bxa4 b3 48. Rg3 Kb4 49. Rd3 b2 50. Rxd5 Kxa4 51. Rd1 Kb3 52. Kg3 Kc2
53. Rf1 1-0

[Event "CYCC U14"]
[Site "Windsor CAN"]
[Date "2016.07.07"]
[Round "5.30"]
[White "Zhang, Zhehai"]
[Black "Singh, Malhar"]
[Result "0-1"]
[WhiteElo "1837"]
[BlackElo "1592"]
[PlyCount "100"]
[EventDate "2016.07.05"]
[EventType "swiss"]
[EventRounds "7"]
[EventCountry "CAN"]

1. e4 e6 2. d4 d5 3. Nc3 Bb4 4. e5 c5 5. a3 Bxc3+ 6. bxc3 Ne7 7. f4 Nbc6 8. Nf3
Bd7 9. Be2 Nf5 10. g4 Nh4 11. Kf2 h5 12. g5 Nf5 13. Bd3 Nce7 14. Rb1 Qc7 15.
Qe1 c4 16. Bxf5 Nxf5 17. Ke2 Ba4 18. Qd2 g6 19. Kf2 O-O 20. Ne1 a5 21. Ng2 b5
22. Ne3 Ne7 23. Rg1 Rfb8 24. Rg3 Nc6 25. Nf1 Qb6 26. Qe2 b4 27. Be3 b3 28. cxb3
cxb3 29. Rb2 Bb5 30. Qd1 a4 31. Rh3 Bxf1 32. Qxf1 Na5 33. Qa1 Nc4 34. Bc1 Rb7
35. Kg1 Qb5 36. Rf3 Nxb2 37. Bxb2 Qe2 38. Rf2 Qg4+ 39. Kh1 Rc7 40. Qc1 h4 41.
Qd2 h3 42. Qd3 Kg7 43. Qf1 Rh8 44. Rf3 Rh4 45. Qf2 Qf5 46. Qf1 Qe4 47. Kg1 Rg4+
48. Rg3 Qe3+ 49. Qf2 Rxg3+ 50. hxg3 h2+ 0-1

[Event "CYCC U14"]
[Site "Windsor CAN"]
[Date "2016.07.07"]
[Round "5.31"]
[White "Gaur, Shivan"]
[Black "De Costa, Alex"]
[Result "1-0"]
[WhiteElo "1211"]
[BlackElo "1786"]
[PlyCount "72"]
[EventDate "2016.07.05"]
[EventType "swiss"]
[EventRounds "7"]
[EventCountry "CAN"]

1. d4 Nf6 2. c4 g6 3. g3 Bg7 4. Bg2 d6 5. Nf3 O-O 6. Nc3 Nc6 7. O-O a6 8. h3
Rb8 9. a4 a5 10. e4 e5 11. Bg5 exd4 12. Nxd4 Nxd4 13. Qxd4 h6 14. Bd2 Re8 15.
Qd3 Nd7 16. Qc2 Nc5 17. Rfe1 Be6 18. Ne2 c6 19. Nf4 Qb6 20. Bc3 Bxc4 21. Bxg7
Bb3 22. Qc3 Nxa4 23. Qf6 Qd8 24. Qxd8 Rbxd8 25. Bxh6 f6 26. Nd3 g5 27. h4 Bc2
28. hxg5 b5 29. Nf4 fxg5 30. Bxg5 Ra8 31. Re2 Bb3 32. Rd2 Rec8 33. Rxd6 Bc4 34.
e5 Nxb2 35. Rxc6 Rxc6 36. Bxc6 a4 1-0

[Event "CYCC U14"]
[Site "Windsor CAN"]
[Date "2016.07.07"]
[Round "5.32"]
[White "Kuo, Webster"]
[Black "Li, Eric M"]
[Result "0-1"]
[WhiteElo "594"]
[BlackElo "1637"]
[PlyCount "96"]
[EventDate "2016.07.05"]
[EventType "swiss"]
[EventRounds "7"]
[EventCountry "CAN"]

1. e4 c5 2. Nc3 Nc6 3. Nf3 e6 4. g3 Nf6 5. d3 d5 6. e5 Nd7 7. d4 cxd4 8. Nxd4
Ndxe5 9. Nf3 Bd6 10. Bg2 Nxf3+ 11. Qxf3 O-O 12. O-O Ne5 13. Qe2 Bd7 14. Bf4 Nc4
15. b3 Bxf4 16. bxc4 Bg5 17. cxd5 Qc7 18. Qd3 Bf6 19. d6 Qxc3 20. Qxc3 Bxc3 21.
Rab1 Bc6 22. Rb3 Be5 23. Rd1 Bxg2 24. Kxg2 b6 25. Rbd3 Rfd8 26. d7 Kf8 27. f4
Bf6 28. g4 g6 29. h4 Rab8 30. a4 Ke7 31. h5 Rb7 32. g5 Bg7 33. h6 Bh8 34. c4
Rbxd7 35. Rxd7+ Rxd7 36. Rf1 Rd4 37. c5 bxc5 38. a5 Ra4 39. Rb1 Rb4 40. Rf1 c4
41. a6 c3 42. Kg3 c2 43. Kg4 Rb1 44. Rxb1 cxb1=Q 45. Kh4 Qg1 46. Kh3 Bd4 47.
Kh4 Bf2+ 48. Kh3 Qg3# 0-1

[Event "CYCC U14"]
[Site "Windsor CAN"]
[Date "2016.07.07"]
[Round "5.33"]
[White "Guan, Zi Yu"]
[Black "Chertkow, Matthew"]
[Result "1/2-1/2"]
[WhiteElo "1460"]
[BlackElo "1325"]
[PlyCount "50"]
[EventDate "2016.07.05"]
[EventType "swiss"]
[EventRounds "7"]
[EventCountry "CAN"]

1. e4 c5 2. Nf3 d6 3. d4 cxd4 4. Nxd4 Nf6 5. Nc3 g6 6. f3 Bg7 7. Be3 O-O 8. Qd2
Nc6 9. Bc4 Bd7 10. O-O-O Rc8 11. Bb3 Qa5 12. g4 Ne5 13. h4 h5 14. gxh5 Nxh5 15.
Bh6 Qb4 16. Bxg7 Kxg7 17. a3 Qc5 18. Rhg1 e6 19. Rg5 Qb6 20. Rdg1 Rh8 21. f4
Nxf4 22. Qxf4 Qxd4 23. h5 Rxh5 24. Ne2 Qb6 25. Kd1 Rxg5 1/2-1/2

[Event "CYCC U14"]
[Site "Windsor CAN"]
[Date "2016.07.07"]
[Round "5.34"]
[White "Lehingrat, Callum"]
[Black "Hou, Frank"]
[Result "1-0"]
[WhiteElo "1688"]
[BlackElo "1273"]
[PlyCount "115"]
[EventDate "2016.07.05"]
[EventType "swiss"]
[EventRounds "7"]
[EventCountry "CAN"]

1. e4 e5 2. Nf3 Nc6 3. Bb5 a6 4. Ba4 Nf6 5. O-O d6 6. Re1 Be7 7. h3 O-O 8. c3
Be6 9. d4 exd4 10. cxd4 b5 11. Bc2 d5 12. e5 Nd7 13. Nbd2 f6 14. exf6 Rxf6 15.
Bxh7+ Kxh7 16. Ng5+ Kg8 17. Nxe6 Qc8 18. Nf3 Nf8 19. Nxf8 Rxf8 20. Qe2 Bf6 21.
Qd3 Ne7 22. Bg5 Qf5 23. Qxf5 Nxf5 24. Bxf6 Rxf6 25. Rac1 c6 26. g4 Nh6 27. Ne5
Re6 28. Rxc6 Rxc6 29. Nxc6 Kf8 30. Nb4 a5 31. Nxd5 Rd8 32. Nc7 Rb8 33. Re5 Nf7
34. Rxb5 Rxb5 35. Nxb5 Ke7 36. f4 Ke6 37. Nc3 Nd6 38. Kf2 g6 39. b3 Nc8 40. Ke3
Nb6 41. Ke4 Kd6 42. h4 Ke6 43. Na4 Nd5 44. Nc5+ Kd6 45. Nb7+ Ke6 46. f5+ gxf5+
47. gxf5+ Kf6 48. Kxd5 Kxf5 49. Kc6 Ke4 50. d5 Kd3 51. d6 Kc2 52. d7 Kb2 53.
d8=Q Ka3 54. Qxa5+ Kb2 55. a4 Kc2 56. b4 Kb3 57. Nc5+ Kc4 58. Qb5+ 1-0

[Event "CYCC U14"]
[Site "Windsor CAN"]
[Date "2016.07.07"]
[Round "5.35"]
[White "Mathews, Joshua"]
[Black "Eckert, Ethan"]
[Result "1-0"]
[WhiteElo "1361"]
[BlackElo "997"]
[PlyCount "97"]
[EventDate "2016.07.05"]
[EventType "swiss"]
[EventRounds "7"]
[EventCountry "CAN"]

1. e4 c5 2. Nf3 Nc6 3. Bb5 g6 4. O-O Bg7 5. c3 d5 6. e5 Bf5 7. Re1 e6 8. Bxc6+
bxc6 9. d4 cxd4 10. cxd4 Ne7 11. Bg5 O-O 12. Qc1 Rc8 13. Bf6 Qc7 14. Qc5 Rfe8
15. Nc3 Bf8 16. Rec1 Qb6 17. Qxb6 axb6 18. Na4 b5 19. Nc5 h5 20. Nb7 Rc7 21.
Nd6 Rb8 22. Bg5 Bg4 23. Nd2 Nc8 24. Ne8 Rcb7 25. Nf6+ Kg7 26. Nxg4 hxg4 27.
Rxc6 Ne7 28. Bxe7 Bxe7 29. Rac1 Bg5 30. R1c2 b4 31. g3 Rb6 32. Rxb6 Rxb6 33. b3
Bxd2 34. Rxd2 Rc6 35. Kg2 f5 36. exf6+ Kxf6 37. f3 gxf3+ 38. Kxf3 g5 39. Kg4
Rc7 40. Rf2+ Kg6 41. h4 gxh4 42. gxh4 Rh7 43. Rh2 Kh6 44. Re2 Rg7+ 45. Kf4 Rg6
46. h5 Rg5 47. Rxe6+ Kxh5 48. Re5 Rxe5 49. Kxe5 1-0

[Event "CYCC U14"]
[Site "Windsor CAN"]
[Date "2016.07.07"]
[Round "5.36"]
[White "Jeyakumar, Yathushan"]
[Black "Zhang, Kevin3"]
[Result "0-1"]
[WhiteElo "1261"]
[BlackElo "1205"]
[PlyCount "52"]
[EventDate "2016.07.05"]
[EventType "swiss"]
[EventRounds "7"]
[EventCountry "CAN"]

1. e4 e5 2. Nf3 Nc6 3. Bb5 Nf6 4. d3 a6 5. Ba4 Bc5 6. O-O O-O 7. Re1 Re8 8. Bg5
b5 9. Bb3 d5 10. exd5 Nd4 11. Nxe5 Nxb3 12. axb3 Qxd5 13. Bxf6 gxf6 14. Qf3
Rxe5 15. Qg3+ Rg5 16. Nc3 Qc6 17. Re8+ Qxe8 18. Qf3 Bf5 19. Nd5 Qe5 20. Nxf6+
Qxf6 21. Qxa8+ Kg7 22. c3 Bh3 23. g3 Qxf2+ 24. Kh1 Rf5 25. Qe4 Qf1+ 26. Rxf1
Rxf1# 0-1

[Event "CYCC U14"]
[Site "Windsor CAN"]
[Date "2016.07.07"]
[Round "5.38"]
[White "Atanasov, David"]
[Black "Zaid, Shahmeer"]
[Result "1-0"]
[WhiteElo "1467"]
[BlackElo "745"]
[PlyCount "99"]
[EventDate "2016.07.05"]
[EventType "swiss"]
[EventRounds "7"]
[EventCountry "CAN"]

1. d4 d5 2. c4 e6 3. Nc3 Nf6 4. Bg5 Nbd7 5. e3 Bb4 6. a3 Bxc3+ 7. bxc3 c5 8.
cxd5 exd5 9. Qc2 O-O 10. Bd3 Qb6 11. Nf3 Qc6 12. Ne5 Nxe5 13. dxe5 Ne4 14. Bf4
c4 15. Bxe4 dxe4 16. Rd1 Qg6 17. Bg3 Bg4 18. Rd4 Rac8 19. Qa4 a6 20. O-O b5 21.
Qa5 Ra8 22. Rd6 f6 23. a4 bxa4 24. Qxa4 Rfc8 25. Rb1 Qe8 26. Qxe8+ Rxe8 27.
exf6 Re6 28. Rbb6 Rxd6 29. Rxd6 a5 30. fxg7 a4 31. Rd2 a3 32. Ra2 Bd1 33. Bd6
Bb3 34. Rxa3 Rxa3 35. Bxa3 Kxg7 36. f3 Kf6 37. Kf2 exf3 38. gxf3 Kf5 39. Bc5
Ke6 40. Kg3 Kd5 41. Bd4 Bc2 42. Kf4 Kc6 43. Ke5 Kb5 44. f4 Kc6 45. Ke6 Bg6 46.
f5 Bh5 47. f6 h6 48. f7 Bxf7+ 49. Kxf7 Kd5 50. Kg6 1-0

[Event "CYCC U14"]
[Site "Windsor CAN"]
[Date "2016.07.07"]
[Round "5.40"]
[White "Masse, Wade"]
[Black "Fox, Dylan"]
[Result "0-1"]
[WhiteElo "917"]
[BlackElo "1252"]
[PlyCount "94"]
[EventDate "2016.07.05"]
[EventType "swiss"]
[EventRounds "7"]
[EventCountry "CAN"]

1. e4 c5 2. Nf3 d6 3. Nc3 Nf6 4. Bc4 e6 5. Qe2 a6 6. a4 Nc6 7. O-O Bd7 8. d3
Be7 9. Bf4 h5 10. Rfe1 e5 11. Bd2 h4 12. h3 Qc8 13. Ng5 Nd4 14. Nd5 Nxd5 15.
Bxd5 f6 16. Nf3 Bxh3 17. Nh2 Bd7 18. f3 Ne6 19. c3 Nf4 20. Bxf4 exf4 21. a5 h3
22. Rf1 hxg2 23. Qxg2 Bh3 24. Qf2 Bxf1 25. Qxf1 Qd7 26. b4 cxb4 27. cxb4 Rc8
28. Bb3 Kf8 29. Qg2 Rh3 30. Nf1 g5 31. Kf2 Rc3 32. Ba4 Qe6 33. Nd2 Rxd3 34. Ke2
Re3+ 35. Kf2 Rh4 36. Rh1 Qa2 37. Kf1 Rxh1+ 38. Qxh1 Qa1+ 39. Kg2 Re2+ 40. Kh3
Qxh1+ 41. Kg4 Rxd2 42. Bb3 Kg7 43. e5 Kg6 44. Bf7+ Kxf7 45. Kf5 Re2 46. e6+
Rxe6 47. b5 Qh3# 0-1

[Event "CYCC U14"]
[Site "Windsor CAN"]
[Date "2016.07.07"]
[Round "5.41"]
[White "Periappuram, Jacob"]
[Black "Morin, Gabriel"]
[Result "0-1"]
[WhiteElo "635"]
[BlackElo "795"]
[PlyCount "34"]
[EventDate "2016.07.05"]
[EventType "swiss"]
[EventRounds "7"]
[EventCountry "CAN"]

1. e4 e5 2. Nf3 Bd6 3. Bc4 Nf6 4. Nc3 b6 5. O-O Bb7 6. d3 c5 7. Be3 Na6 8. Qe2
Qe7 9. Nd5 Nxd5 10. exd5 Nb4 11. Bg5 f6 12. Bd2 Nxc2 13. Rac1 Nd4 14. Nxd4 cxd4
15. Bb5 Qf7 16. a3 Qxd5 17. Ba4 Qxg2# 0-1

[Event "CYCC U14"]
[Site "Windsor CAN"]
[Date "2016.07.08"]
[Round "6.21"]
[White "Liu, Lambert"]
[Black "Hua, Eugene"]
[Result "0-1"]
[WhiteElo "1993"]
[BlackElo "2201"]
[PlyCount "76"]
[EventDate "2016.07.05"]
[EventType "swiss"]
[EventRounds "7"]
[EventCountry "CAN"]

1. e4 c5 2. Nf3 e6 3. d4 cxd4 4. Nxd4 Nc6 5. Nc3 Qc7 6. Be3 a6 7. Qd2 Nf6 8.
O-O-O Bb4 9. f3 O-O 10. Kb1 Ne5 11. Nb3 Be7 12. Qf2 b5 13. g4 b4 14. Na4 d5 15.
g5 Nfd7 16. Nb6 Nxb6 17. Bxb6 Qb8 18. exd5 exd5 19. Be3 a5 20. Rxd5 a4 21. Nc1
b3 22. Rb5 Qc7 23. Bf4 Qxc2+ 24. Qxc2 bxc2+ 25. Kxc2 Nxf3 26. Be3 Ba6 27. Rf5
Rac8+ 28. Kb1 Bb7 29. Bd3 Nd2+ 30. Bxd2 Bxh1 31. Re5 Bd6 32. Re2 Rfe8 33. Rf2
Bc5 34. Rf4 a3 35. b3 Bd6 36. Rh4 g6 37. Bc4 Be4+ 38. Nd3 Rxc4 0-1

[Event "CYCC U14"]
[Site "Windsor CAN"]
[Date "2016.07.08"]
[Round "6.23"]
[White "Cai, Jason"]
[Black "Wang, Jeff"]
[Result "1-0"]
[WhiteElo "2185"]
[BlackElo "1920"]
[PlyCount "119"]
[EventDate "2016.07.05"]
[EventType "swiss"]
[EventRounds "7"]
[EventCountry "CAN"]

1. e4 c5 2. Nf3 d6 3. d4 cxd4 4. Nxd4 Nf6 5. Nc3 g6 6. Be3 Bg7 7. f3 O-O 8. Qd2
Nc6 9. g4 Be6 10. Nxe6 fxe6 11. O-O-O Ne5 12. Be2 Qc8 13. h4 Nfd7 14. h5 Nc4
15. Bxc4 Qxc4 16. hxg6 hxg6 17. f4 Bxc3 18. bxc3 Qxa2 19. Qh2 Kf7 20. Qh7+ Ke8
21. e5 Rc8 22. Qxg6+ Kd8 23. Qd3 d5 24. g5 Nb6 25. Bxb6+ axb6 26. Qd4 Qa5 27.
Rh3 Rc4 28. Qxc4 Qa1+ 29. Kd2 Qxd1+ 30. Kxd1 dxc4 31. Rh4 b5 32. Ke2 Ke8 33.
Ke3 Rg8 34. Rh7 b6 35. Kf3 Kd7 36. Rh1 Kc6 37. Kg4 b4 38. cxb4 Kd5 39. Rd1+ Ke4
40. c3 b5 41. Rd4+ Ke3 42. f5 exf5+ 43. Kxf5 Rg7 44. g6 Ke2 45. Kg5 Rg8 46. e6
Ke1 47. Kh6 Rh8+ 48. Kg7 Rh3 49. Kf7 Rxc3 50. g7 Rf3+ 51. Kxe7 Rg3 52. Kf7 Rf3+
53. Kg6 Rg3+ 54. Kf6 c3 55. e7 Rf3+ 56. Kg5 Rg3+ 57. Rg4 Re3 58. g8=Q c2 59.
e8=Q c1=Q 60. Rg1+ 1-0

[Event "CYCC U14"]
[Site "Windsor CAN"]
[Date "2016.07.08"]
[Round "6.24"]
[White "Zhang, Henry"]
[Black "Chung, Alec"]
[Result "1-0"]
[WhiteElo "2113"]
[BlackElo "1653"]
[PlyCount "79"]
[EventDate "2016.07.05"]
[EventType "swiss"]
[EventRounds "7"]
[EventCountry "CAN"]

1. e4 c5 2. Nf3 d6 3. d4 cxd4 4. Qxd4 a6 5. c4 Nc6 6. Qe3 Nf6 7. h3 g6 8. Be2
Bg7 9. O-O Bd7 10. Nc3 O-O 11. Rd1 Rc8 12. Rb1 a5 13. b3 h6 14. Bb2 Kh7 15. a3
Qc7 16. Nb5 Qb8 17. e5 dxe5 18. Nxe5 Bf5 19. Rbc1 Ne4 20. Nxc6 bxc6 21. Bxg7
Kxg7 22. Nd4 Nd6 23. c5 Nb5 24. Nxb5 cxb5 25. Qc3+ Kh7 26. Qxa5 Qa8 27. Qb4 Be4
28. f3 Bc6 29. Bxb5 Bxb5 30. Qxb5 Qxa3 31. Qc4 Qa7 32. b4 e6 33. b5 Rfd8 34.
Rxd8 Rxd8 35. b6 Qb7 36. Qe4 Qa6 37. b7 Rb8 38. c6 Qb6+ 39. Kh1 Qc7 40. Rd1 1-0

[Event "CYCC U14"]
[Site "Windsor CAN"]
[Date "2016.07.08"]
[Round "6.25"]
[White "Liu, Daniel"]
[Black "Li, William"]
[Result "0-1"]
[WhiteElo "1938"]
[BlackElo "2075"]
[PlyCount "74"]
[EventDate "2016.07.05"]
[EventType "swiss"]
[EventRounds "7"]
[EventCountry "CAN"]

1. e4 c5 2. Nf3 d6 3. d4 cxd4 4. Nxd4 Nf6 5. Nc3 a6 6. g3 e5 7. Nb3 Be6 8. Bg2
Be7 9. O-O Nbd7 10. Nd5 Nxd5 11. exd5 Bf5 12. Be3 Rc8 13. Rc1 O-O 14. c4 b6 15.
Qd2 a5 16. a3 a4 17. Na1 Nc5 18. Bxc5 bxc5 19. Nc2 Bg5 20. Ne3 Bxe3 21. Qxe3
Rb8 22. f4 f6 23. Rf2 Re8 24. Bf3 Rb3 25. Rc3 exf4 26. Qxf4 Rxc3 27. bxc3 Bd3
28. Rd2 g5 29. Qg4 f5 30. Qh5 Bxc4 31. h4 Qe7 32. Kg2 Qe3 33. Rb2 g4 34. Bxg4
Bxd5+ 35. Kh3 fxg4+ 36. Qxg4+ Kh8 37. Qh5 Rg8 0-1

[Event "CYCC U14"]
[Site "Windsor CAN"]
[Date "2016.07.08"]
[Round "6.26"]
[White "Li, Eric M"]
[Black "Sivapathasundaram, Manojh"]
[Result "0-1"]
[WhiteElo "1637"]
[BlackElo "1937"]
[PlyCount "118"]
[EventDate "2016.07.05"]
[EventType "swiss"]
[EventRounds "7"]
[EventCountry "CAN"]

1. d4 Nf6 2. Bf4 g6 3. Nf3 Bg7 4. e3 O-O 5. Bd3 d6 6. Nbd2 Nbd7 7. c3 Re8 8.
Bg3 Nh5 9. Qb3 c6 10. Bc4 d5 11. Be2 Nxg3 12. hxg3 e5 13. O-O-O e4 14. Nh2 Nf6
15. c4 Qb6 16. Qxb6 axb6 17. cxd5 Nxd5 18. a3 b5 19. Kc2 f5 20. Nb1 h5 21. Nf1
Kf7 22. Nfd2 Bf8 23. Nc3 Be6 24. Nb3 b6 25. Rc1 Rec8 26. Nd2 Bd6 27. Nxd5 Bxd5
28. Kb1 Rc7 29. Bd1 c5 30. Bb3 c4 31. Ba2 Ke6 32. Ka1 Be7 33. Rhd1 Bd6 34. Kb1
Rca7 35. Rc2 Rc8 36. Rcc1 Rac7 37. Rc2 b4 38. axb4 Bxb4 39. Rdc1 b5 40. Ka1 c3
41. Bxd5+ Kxd5 42. Nf1 cxb2+ 43. Kxb2 Ba3+ 44. Kxa3 Rxc2 45. Rb1 Rb8 46. Rb2
Rxb2 47. Kxb2 Kc4 48. Kc2 g5 49. Nd2+ Kd5 50. f3 exf3 51. gxf3 h4 52. gxh4 gxh4
53. Kd3 h3 54. e4+ fxe4+ 55. fxe4+ Kd6 56. e5+ Kd5 57. Nf1 Rh8 58. Ne3+ Ke6 59.
Ke4 Rh4+ 0-1

[Event "CYCC U14"]
[Site "Windsor CAN"]
[Date "2016.07.08"]
[Round "6.27"]
[White "Bu, Kevin"]
[Black "Gaur, Shivan"]
[Result "1-0"]
[WhiteElo "1916"]
[BlackElo "1211"]
[PlyCount "83"]
[EventDate "2016.07.05"]
[EventType "swiss"]
[EventRounds "7"]
[EventCountry "CAN"]

1. e4 c5 2. d3 Nc6 3. g3 g6 4. Bg2 Bg7 5. c3 e5 6. f4 d6 7. Nf3 Nge7 8. O-O O-O
9. Na3 f5 10. Be3 b6 11. Ng5 d5 12. exd5 Nxd5 13. Qb3 Nce7 14. fxe5 Bxe5 15.
Bd2 Rb8 16. Rae1 Bf6 17. Rxe7 Bxe7 18. Bxd5+ Kg7 19. Nf7 Qe8 20. Bh6+ Kf6 21.
Bf4 Rxf7 22. Bxf7 Qxf7 23. Qxf7+ Kxf7 24. Bxb8 a6 25. Re1 b5 26. Nc2 Be6 27. b3
Bg5 28. Bf4 Bf6 29. d4 cxd4 30. Nxd4 Bd5 31. Be5 Bg5 32. Bf4 Bf6 33. Rd1 Be4
34. Kf2 g5 35. Be3 g4 36. Bf4 h5 37. b4 h4 38. Ne2 Be7 39. Rd7 Ke6 40. Ra7 Bd3
41. Nd4+ Kf6 42. Rxa6+ 1-0

[Event "CYCC U14"]
[Site "Windsor CAN"]
[Date "2016.07.08"]
[Round "6.28"]
[White "Singh, Malhar"]
[Black "Gaisinsky, Adam"]
[Result "0-1"]
[WhiteElo "1592"]
[BlackElo "1913"]
[PlyCount "60"]
[EventDate "2016.07.05"]
[EventType "swiss"]
[EventRounds "7"]
[EventCountry "CAN"]

1. c4 Nf6 2. Nc3 e6 3. g3 d5 4. Bg2 Be7 5. d4 O-O 6. Nf3 b6 7. cxd5 exd5 8. O-O
Bb7 9. Bg5 h6 10. Bf4 c5 11. Rc1 Nc6 12. e3 Ne4 13. Nxe4 dxe4 14. Nd2 Nb4 15.
Nxe4 Ba6 16. Nc3 Rc8 17. d5 Bxf1 18. Qxf1 c4 19. e4 Nd3 20. Rc2 Bg5 21. Bxg5
hxg5 22. Ne2 Qf6 23. f4 gxf4 24. gxf4 Qg6 25. e5 Nxf4 26. Nd4 Nxd5 27. Rxc4 Ne3
28. Rxc8 Nxf1 29. Rxf8+ Kxf8 30. Kxf1 Qb1+ 0-1

[Event "CYCC U14"]
[Site "Windsor CAN"]
[Date "2016.07.08"]
[Round "6.29"]
[White "Wang, Kaixin"]
[Black "Cui, Kevin"]
[Result "1-0"]
[WhiteElo "1849"]
[BlackElo "1182"]
[PlyCount "77"]
[EventDate "2016.07.05"]
[EventType "swiss"]
[EventRounds "7"]
[EventCountry "CAN"]

1. e4 c5 2. c3 d6 3. d4 cxd4 4. cxd4 Nf6 5. Nc3 g6 6. Bc4 Bg7 7. Nf3 O-O 8. O-O
Bd7 9. Bf4 Nc6 10. Qd2 Qb6 11. h3 Rac8 12. Be2 Rfd8 13. Rad1 Be8 14. Be3 Qa5
15. a3 a6 16. Rc1 Na7 17. Rfd1 Kf8 18. Bh6 Nb5 19. Qg5 Qb6 20. Qh4 Nxc3 21.
bxc3 Qa5 22. Ra1 Qxc3 23. Ng5 Qa5 24. f4 e5 25. dxe5 dxe5 26. Rxd8 Rxd8 27. Rf1
Rd6 28. Nf3 Nd7 29. Ng5 Nf6 30. Nf3 Nd7 31. Bg5 f6 32. fxe5 fxg5 33. Nxg5+ Nf6
34. exd6 Qxa3 35. Nxh7+ Kg8 36. Nxf6+ Bxf6 37. Bc4+ Bf7 38. Bxf7+ Kxf7 39.
Qxf6+ 1-0

[Event "CYCC U14"]
[Site "Windsor CAN"]
[Date "2016.07.08"]
[Round "6.30"]
[White "Leong, Ryan"]
[Black "Uthayakumar, Ronan"]
[Result "1/2-1/2"]
[WhiteElo "1616"]
[BlackElo "1751"]
[PlyCount "115"]
[EventDate "2016.07.05"]
[EventType "swiss"]
[EventRounds "7"]
[EventCountry "CAN"]

1. c4 e5 2. Nc3 Nf6 3. d3 d5 4. Bg5 d4 5. Bxf6 Qxf6 6. Ne4 Bb4+ 7. Nd2 Nc6 8.
a3 Bxd2+ 9. Qxd2 O-O 10. g3 Qg6 11. Bg2 Qh5 12. O-O-O a5 13. Nf3 a4 14. Qg5
Qxg5+ 15. Nxg5 Na5 16. h4 Nb3+ 17. Kc2 h6 18. Nf3 Re8 19. Nd2 Nxd2 20. Kxd2 Bd7
21. Be4 Ra6 22. Rc1 c5 23. Rc2 Bc6 24. Bd5 Bxd5 25. cxd5 b6 26. e4 dxe3+ 27.
Kxe3 f5 28. Rc4 Rd8 29. g4 Rxd5 30. gxf5 Rd4 31. Rxd4 exd4+ 32. Ke4 Ra5 33. Rb1
Kf7 34. f4 Rb5 35. b4 axb3 36. Kd5 b2 37. Kc4 Ra5 38. Rxb2 Rxa3 39. Rxb6 Rc3+
40. Kd5 Rxd3 41. Kxc5 Rd1 42. Kc4 d3 43. Kc3 d2 44. Kc2 Rf1 45. Kxd2 Rxf4 46.
Ke3 Rxf5 47. Ra6 Rf6 48. Ra5 Kg6 49. h5+ Kh7 50. Ke4 Kg8 51. Ke5 Kh7 52. Ke4
Rf1 53. Rb5 Rg1 54. Kf4 Rf1+ 55. Kg4 Rg1+ 56. Kf4 Rf1+ 57. Kg4 Rf6 58. Ra5
1/2-1/2

[Event "CYCC U14"]
[Site "Windsor CAN"]
[Date "2016.07.08"]
[Round "6.31"]
[White "Chertkow, Matthew"]
[Black "Lehingrat, Callum"]
[Result "0-1"]
[WhiteElo "1325"]
[BlackElo "1688"]
[PlyCount "106"]
[EventDate "2016.07.05"]
[EventType "swiss"]
[EventRounds "7"]
[EventCountry "CAN"]

1. e4 c5 2. Nf3 d6 3. d4 cxd4 4. Nxd4 Nf6 5. Nc3 a6 6. f3 e6 7. Be3 b5 8. Bd3
Nbd7 9. O-O Bb7 10. Qd2 Rc8 11. a3 Be7 12. a4 b4 13. Nce2 d5 14. b3 dxe4 15.
fxe4 Nxe4 16. Bxe4 Bxe4 17. Nf4 Nf6 18. Qe2 e5 19. Nde6 fxe6 20. Nxe6 Qd5 21.
Nxg7+ Kf7 22. Rad1 Qb7 23. Qh5+ Bg6 24. Qh3 Kxg7 25. Bh6+ Kf7 26. Rxf6+ Ke8 27.
Re6 Rd8 28. Rxd8+ Kxd8 29. Qg3 Qc7 30. Qf3 e4 31. Qd1+ Kc8 32. h3 Rd8 33. Qg4
Qc5+ 34. Kh2 Bf5 35. Qe2 Bxe6 36. Qxa6+ Kb8 37. Bf4+ Bd6 38. Bxd6+ Qxd6+ 39.
Qxd6+ Rxd6 40. Kg1 Rd2 41. Kf1 Rxc2 42. Ke1 Rxg2 43. Kf1 Rb2 44. a5 Rxb3 45. a6
Rc3 46. h4 b3 47. Ke1 b2 48. a7+ Kxa7 49. Kd2 Rc8 50. Ke3 b1=Q 51. h5 Qd3+ 52.
Kf2 Rc2+ 53. Ke1 Qe2# 0-1

[Event "CYCC U14"]
[Site "Windsor CAN"]
[Date "2016.07.08"]
[Round "6.32"]
[White "Ju, Lawrence"]
[Black "Mathews, Joshua"]
[Result "1/2-1/2"]
[WhiteElo "1666"]
[BlackElo "1361"]
[PlyCount "55"]
[EventDate "2016.07.05"]
[EventType "swiss"]
[EventRounds "7"]
[EventCountry "CAN"]

1. d4 Nf6 2. c4 g6 3. Nc3 Bg7 4. e4 d6 5. Nf3 O-O 6. Be3 e5 7. d5 Na6 8. Qc2 c5
9. dxc6 bxc6 10. Rd1 c5 11. Be2 Nb4 12. Qd2 Ne8 13. Bxc5 Qa5 14. Bxd6 Nxd6 15.
Qxd6 Nxa2 16. Qd2 Nxc3 17. Qxc3 Qxc3+ 18. bxc3 Bb7 19. Bd3 Rfd8 20. O-O Ba6 21.
Be2 Rxd1 22. Rxd1 Bb7 23. Rd7 Bxe4 24. Ng5 Bf5 25. Rc7 Rb8 26. h3 Rb1+ 27. Kh2
Re1 28. Bg4 1/2-1/2

[Event "CYCC U14"]
[Site "Windsor CAN"]
[Date "2016.07.08"]
[Round "6.33"]
[White "Zhang, Kevin3"]
[Black "Guan, Zi Yu"]
[Result "0-1"]
[WhiteElo "1205"]
[BlackElo "1460"]
[PlyCount "134"]
[EventDate "2016.07.05"]
[EventType "swiss"]
[EventRounds "7"]
[EventCountry "CAN"]

1. e4 c5 2. Nf3 d6 3. d4 cxd4 4. Nxd4 Nf6 5. Nc3 e5 6. Nf3 a6 7. Bc4 Be7 8. Bg5
Nbd7 9. O-O h6 10. Bh4 O-O 11. a4 Nc5 12. Re1 Bg4 13. b4 Ncd7 14. Qd3 Rc8 15.
Rad1 Bxf3 16. gxf3 Qc7 17. Nd5 Nxd5 18. Bxd5 Bxh4 19. Bb3 Qb6 20. Re2 Qxb4 21.
Qxd6 Qxd6 22. Rxd6 Nc5 23. Rd5 Nxb3 24. cxb3 Rfe8 25. Rd7 b5 26. axb5 axb5 27.
Rb7 Rc3 28. Rxb5 Rxf3 29. Kg2 Rc3 30. Rb2 Rd3 31. Rc5 Rb8 32. b4 Be7 33. Rc4
Rd7 34. b5 Rdb7 35. Kf3 Rxb5 36. Rc8+ Rxc8 37. Rxb5 Rc3+ 38. Ke2 f6 39. Rb7 Bc5
40. Rc7 Bd4 41. Rb7 Rc2+ 42. Kf3 Rxf2+ 43. Kg4 Kh7 44. h4 Rf4+ 45. Kg3 Bf2+ 46.
Kg2 Bxh4 47. Kh3 Rxe4 48. Kg2 Be1 49. Kf3 Rf4+ 50. Ke2 Bc3 51. Re7 h5 52. Rc7
Bd4 53. Rc1 g5 54. Rh1 h4 55. Rh2 Rf2+ 56. Rxf2 Bxf2 57. Kxf2 Kg6 58. Kf3 Kf5
59. Kf2 Kf4 60. Kg2 e4 61. Kf1 h3 62. Kg1 e3 63. Kh2 g4 64. Kg1 g3 65. Kf1 Kf3
66. Kg1 e2 67. Kh1 e1=R# 0-1

[Event "CYCC U14"]
[Site "Windsor CAN"]
[Date "2016.07.08"]
[Round "6.34"]
[White "Morin, Gabriel"]
[Black "Zhang, Zhehai"]
[Result "0-1"]
[WhiteElo "795"]
[BlackElo "1837"]
[PlyCount "78"]
[EventDate "2016.07.05"]
[EventType "swiss"]
[EventRounds "7"]
[EventCountry "CAN"]

1. e4 c5 2. Nc3 e6 3. Nf3 Nc6 4. Bd3 Qc7 5. b3 Nf6 6. g3 a6 7. Bb2 Be7 8. Qe2
d6 9. O-O-O b5 10. a3 Bb7 11. Na2 Rc8 12. e5 dxe5 13. Nxe5 Nd4 14. Bxd4 Bxh1
15. Rxh1 cxd4 16. Nb4 Bxb4 17. axb4 Nd5 18. Qf3 Qxe5 19. Qe4 Qf6 20. c4 dxc3
21. dxc3 Qxc3+ 22. Kb1 Qxb3+ 23. Ka1 Qa3+ 24. Kb1 Nc3+ 25. Kc2 Nxe4+ 26. Kd1
Nxf2+ 27. Ke2 Nxh1 28. Kf1 Nxg3+ 29. hxg3 Qxd3+ 30. Kf2 Rc4 31. g4 Rxb4 32. g5
Rb2+ 33. Ke1 Qe3+ 34. Kd1 Qe1+ 35. Kxe1 O-O 36. Kd1 a5 37. Kc1 Rh2 38. Kd1 Rc8
39. Ke1 Rc1# 0-1